<?xml version="1.0" encoding="UTF-8"?>
<record
    xmlns:xsi="http://www.w3.org/2001/XMLSchema-instance"
    xsi:schemaLocation="http://www.loc.gov/MARC21/slim http://www.loc.gov/standards/marcxml/schema/MARC21slim.xsd"
    xmlns="http://www.loc.gov/MARC21/slim">

  <leader>     nmm a22     7a 4500</leader>
  <datafield tag="952" ind1=" " ind2=" ">
    <subfield code="0">0</subfield>
    <subfield code="1">0</subfield>
    <subfield code="2">alc</subfield>
    <subfield code="4">0</subfield>
    <subfield code="7">0</subfield>
    <subfield code="a">ENAL</subfield>
    <subfield code="b">ENAL</subfield>
    <subfield code="d">2020-01-02</subfield>
    <subfield code="l">0</subfield>
    <subfield code="o">CD-5104</subfield>
    <subfield code="p">CD0005104</subfield>
    <subfield code="r">2020-01-02 00:00:00</subfield>
    <subfield code="w">2020-01-02</subfield>
    <subfield code="y">ETH</subfield>
  </datafield>
  <datafield tag="999" ind1=" " ind2=" ">
    <subfield code="c">65453</subfield>
    <subfield code="d">65453</subfield>
  </datafield>
  <controlfield tag="008">200102s2016    ua ||||fq||d| 00| 0 eng d</controlfield>
  <datafield tag="040" ind1=" " ind2=" ">
    <subfield code="a">EAL</subfield>
    <subfield code="c">EAL</subfield>
  </datafield>
  <datafield tag="041" ind1=" " ind2=" ">
    <subfield code="a">eng</subfield>
    <subfield code="b">ara</subfield>
  </datafield>
  <datafield tag="090" ind1=" " ind2=" ">
    <subfield code="a">CD-5104</subfield>
  </datafield>
  <datafield tag="100" ind1="1" ind2=" ">
    <subfield code="a">Amro, Safaa Mohamed Abdel-Rahman Mohamed </subfield>
    <subfield code="9">30061</subfield>
  </datafield>
  <datafield tag="245" ind1="1" ind2="0">
    <subfield code="a">Studies of certain factors affecting the abundance of some aphids and thrips in Assiut governorate</subfield>
    <subfield code="h">[electronic resource] /</subfield>
    <subfield code="c">Safaa Mohamed Abdel-Rahman Mohamed Amro</subfield>
  </datafield>
  <datafield tag="246" ind1="1" ind2="5">
    <subfield code="a">&#x62F;&#x631;&#x627;&#x633;&#x627;&#x62A; &#x639;&#x644;&#x64A; &#x628;&#x639;&#x636; &#x627;&#x644;&#x639;&#x648;&#x627;&#x645;&#x644; &#x627;&#x644;&#x645;&#x624;&#x62B;&#x631;&#x629; &#x639;&#x644;&#x64A; &#x62A;&#x648;&#x627;&#x62C;&#x62F; &#x628;&#x639;&#x636; &#x623;&#x646;&#x648;&#x627;&#x639; &#x627;&#x644;&#x645;&#x646; &#x648; &#x627;&#x644;&#x62A;&#x631;&#x628;&#x633; &#x641;&#x64A; &#x645;&#x62D;&#x627;&#x641;&#x638;&#x629; &#x623;&#x633;&#x6CC;&#x648;&#x637;</subfield>
  </datafield>
  <datafield tag="260" ind1=" " ind2=" ">
    <subfield code="c">2016.</subfield>
  </datafield>
  <datafield tag="347" ind1=" " ind2=" ">
    <subfield code="a"> text file</subfield>
    <subfield code="b"> PDF</subfield>
  </datafield>
  <datafield tag="502" ind1=" " ind2=" ">
    <subfield code="a">Thesis (M.S.) --Assiut University, 2016.</subfield>
  </datafield>
  <datafield tag="504" ind1=" " ind2=" ">
    <subfield code="a">Includes bibliographical references</subfield>
  </datafield>
  <datafield tag="538" ind1=" " ind2=" ">
    <subfield code="a">Systems requirements : Adobe Reader</subfield>
  </datafield>
  <datafield tag="546" ind1=" " ind2=" ">
    <subfield code="a">Summary in Arabic</subfield>
  </datafield>
  <datafield tag="650" ind1=" " ind2="0">
    <subfield code="a">Aphids</subfield>
    <subfield code="z">Egypt</subfield>
    <subfield code="z">Assiut</subfield>
    <subfield code="9">30062</subfield>
  </datafield>
  <datafield tag="650" ind1=" " ind2="0">
    <subfield code="a">Thrips</subfield>
    <subfield code="z">Egypt</subfield>
    <subfield code="z">Assiut</subfield>
    <subfield code="9">11779</subfield>
  </datafield>
  <datafield tag="856" ind1="4" ind2="0">
    <subfield code="u">http://nile.enal.sci.eg/thesis/5104.pdf</subfield>
    <subfield code="z">Content &amp; Abstract</subfield>
  </datafield>
  <datafield tag="910" ind1=" " ind2=" ">
    <subfield code="a">name:Amira</subfield>
  </datafield>
  <datafield tag="942" ind1=" " ind2=" ">
    <subfield code="2">alc</subfield>
    <subfield code="c">E-Thesis</subfield>
  </datafield>
</record>
